Эксергия: пер. с пол.

Podrobná bibliografie
Hlavní autor: Шаргут Я. Ян
Další autoři: Петела Р. Ричард
Jazyk:ruština
Vydáno: Москва, Энергия, 1968
Vydání:Изд. доп. и перераб.
Témata:
Médium: MixedMaterials Kniha
KOHA link:https://koha.lib.tpu.ru/cgi-bin/koha/opac-detail.pl?biblionumber=141457

MARC

LEADER 00000nam0a2200000 4500
001 141457
005 20231031142437.0
035 |a (RuTPU)RU\TPU\book\153321 
090 |a 141457 
100 |a 20080815d1968 k y0rusy50 ca 
101 1 |a rus  |c pol 
102 |a RU 
105 |a a z 001zy 
200 1 |a Эксергия  |e пер. с пол.  |f Я. Шаргут, Р. Петела 
205 |a Изд. доп. и перераб. 
210 |a Москва  |c Энергия  |d 1968 
215 |a 279 с.  |c ил. 
320 |a Библиогр.: с. 273-277. 
610 1 |a эксергия 
610 1 |a техническая термодинамика 
610 1 |a физические процессы 
610 1 |a химические процессы 
675 |a 621.016.7  |v 3 
700 1 |a Шаргут  |b Я.  |g Ян 
701 1 |a Петела  |b Р.  |g Ричард 
801 1 |a RU  |b 63413507  |c 20080815  |g PSBO 
801 2 |a RU  |b 63413507  |c 20200128  |g PSBO 
900 |a Теоретические основы энерго- и ресурсосбережения в химической технологии 
942 |c BK